| 000 | 00404nam a2200133Ia 4500 | ||
|---|---|---|---|
| 008 | 250112s9999 xx 000 0 und d | ||
| 020 | _a978-3-319-06623-3 | ||
| 100 | _aGiuseppe Giordan, Enzo Pace | ||
| 245 | 0 | _aReligious Pluralism | |
| 250 | _a2014 | ||
| 260 |
_c2014 _bSpringer International Publishing |
||
| 856 | _uhttps://link.springer.com/openurl?genre=book&isbn=978-3-319-06623-3 | ||
| 942 | _cEB | ||
| 999 |
_c375236 _d375236 |
||